| Tag |
First Indicator |
Second Indicator |
Subfields |
| LEADER |
00000cam a2200000 i 4500 |
| 001 |
in00004170013 |
| 008 |
180527s2019 nyuab 000 f eng c |
| 005 |
20250308175636.5 |
| 020 |
|
|
|a 1408883465
|
| 020 |
|
|
|a 1635570298
|q hardcover
|
| 020 |
|
|
|a 9781408883464
|
| 020 |
|
|
|a 9781635570298
|
| 020 |
|
|
|z 9781635570281
|q electronic book
|
| 035 |
|
|
|a (OCoLC)1033818529
|
| 035 |
|
|
|a (OCoLC)on1033818529
|
| 040 |
|
|
|a YDX
|e rda
|c YDX
|d TOH
|d SSH
|d DAD
|d JQW
|d AJP
|d FBR
|d FMG
|d JTH
|d DPB
|d HQB
|d TXL
|d NZD
|d TXA
|
| 082 |
0 |
|
|a 823.92
|2 23
|
| 090 |
|
|
|a PR6119.H365
|b P75 2019
|
| 100 |
1 |
|
|a Shannon, Samantha,
|d 1991-
|e author.
|
| 245 |
1 |
4 |
|a The priory of the orange tree /
|c Samantha Shannon.
|
| 264 |
|
1 |
|a New York :
|b Bloomsbury Publishing,
|c 2019.
|
| 300 |
|
|
|a 830 pages :
|b illustrations, maps ;
|c 25 cm.
|
| 336 |
|
|
|a cartographic image
|b cri
|2 rdacontent
|
| 336 |
|
|
|a text
|b txt
|2 rdacontent
|
| 337 |
|
|
|a unmediated
|b n
|2 rdamedia
|
| 338 |
|
|
|a volume
|b nc
|2 rdacarrier
|
| 520 |
|
|
|a The House of Berethnet has ruled Inys for a thousand years. Still unwed, Queen Sabran the Ninth must conceive a daughter to protect her realm from destruction, but assassins are getting closer to her door. Ead Duryan is an outsider at court. Though she has risen to the position of lady-in-waiting, she is loyal to a hidden society of mages. Ead keeps a watchful eye on Sabran, secretly protecting her with forbidden magic. Across the dark sea, Tané has trained to be a dragonrider since she was a child, but is forced to make a choice that could see her life unravel. Meanwhile, the divided East and West refuse to parley, and forces of chaos are rising from their sleep.
|
| 650 |
|
0 |
|a Assassins
|v Fiction.
|
| 650 |
|
0 |
|a Dragons
|v Fiction.
|
| 650 |
|
0 |
|a Imaginary places
|v Fiction.
|
| 650 |
|
0 |
|a Magic
|v Fiction.
|
| 948 |
|
|
|a dmitchel 3/27/23 11.44.28
|
| 955 |
|
|
|a Print purchased PDA title
|
| 999 |
f |
f |
|s ff26e8e8-500d-34a1-b630-3123fd9bf428
|i 99717351-a364-3521-ab4d-a7eb3888bd26
|t 0
|
| 952 |
f |
f |
|p normal
|a Texas A&M University
|b College Station
|c Sterling C. Evans Library
|d Evans: Library Stacks
|t 0
|e PR6119.H365 P75 2019
|h Library of Congress classification
|i unmediated -- volume
|m A14851857285
|
| 998 |
f |
f |
|a PR6119.H365 P75 2019
|t 0
|l Evans: Library Stacks
|